Statistics for Countries with Rhinoceroses

Click here to take the quiz!

General Stats

  • This quiz has been taken 107 times
  • The average score is 25 of 28

Answer Stats

RhinocerosCountry% Correct
Indian RhinocerosIndia
100%
Black RhinocerosSouth Africa
99%
White RhinocerosSouth Africa
99%
Javan RhinocerosIndonesia
97%
Sumatran RhinocerosIndonesia
97%
Black RhinocerosKenya
97%
White RhinocerosKenya
97%
Black RhinocerosTanzania
94%
White RhinocerosZimbabwe
92%
Black RhinocerosZimbabwe
92%
White RhinocerosNamibia
91%
Black RhinocerosNamibia
91%
Indian RhinocerosNepal
91%
Black RhinocerosBotswana
90%
White RhinocerosBotswana
90%
Indian RhinocerosPakistan
90%
Black RhinocerosAngola
89%
White RhinocerosAngola
89%
Sumatran RhinocerosMalaysia
89%
Black RhinocerosZambia
89%
White RhinocerosZambia
89%
Black RhinocerosEswatini
86%
White RhinocerosEswatini
86%
Black RhinocerosMozambique
86%
White RhinocerosMozambique
86%
White RhinocerosLesotho
85%
Black RhinocerosMalawi
78%
Black RhinocerosRwanda
75%

Score Distribution

Percentile by Number Answered

Percent of People with Each Score

Your Score History

You have not taken this quiz